Especialización flexible en América Latina en el mercado del Consenso de Washington /

Guardat en:
Dades bibliogràfiques
Autor principal: Fernández, Víctor Ramiro
Altres autors: Villalba, Marta
Format: Text
Matèries:
Etiquetes: Afegir etiqueta
Sense etiquetes, Sigues el primer a etiquetar aquest registre!

MARC

LEADER 00000 a a2200000 04500
001 3570
003
040
100 |a Fernández, Víctor Ramiro  
245 |a Especialización flexible en América Latina en el mercado del Consenso de Washington /  |c Víctor Ramiro Fernández ; Marta Villalba 
500 |a Resumen en español páginas182 y en inglés páginas 274  
650 |a SITEMAS FLEXIBLES DE PRODUCCION  
650 |a PRODUCCION INDUSTRIAL  
650 |a ESTUDIOS DE CASOS  
650 |a CONDICIONES ECONOMICAS  
700 |a Villalba, Marta  
773 |g volumen 54, número 3; páginas 184-195  
999 |c 31788  |d 31788